[Event "C.to Regionale Umbria"]
[Site "Foligno ITA"]
[Date "2008.06.07"]
[Round "4"]
[White "Malfagia, Andrea"]
[Black "Rotoni, Matteo"]
[Result "1-0"]
[WhiteElo "2288"]
[BlackElo "2077"]
[PlyCount "119"]
[EventDate "2008.06.06"]

1. d4 d5 2. c4 Nc6 3. Nf3 Bg4 4. cxd5 Bxf3 5. gxf3 Qxd5 6. e3 e5 7. Nc3 Bb4 8.
Bd2 Bxc3 9. bxc3 Nf6 10. Bg2 O-O 11. O-O Rad8 12. Qb3 b6 13. Qxd5 Rxd5 14. f4
e4 15. c4 Rdd8 16. Rab1 Rfe8 17. Bh3 Nb8 18. Bc3 Nbd7 19. Kh1 h6 20. Rg1 Kh7
21. Bf1 Rg8 22. Be2 g5 23. fxg5 Rxg5 24. Rxg5 hxg5 25. Rg1 Kg6 26. h4 Nh7 27.
f4 f6 28. Bg4 Ndf8 29. hxg5 fxg5 30. f5+ Kh6 31. Kg2 Nf6 32. Bd1 g4 33. Rf1
N8d7 34. Bc2 Kg5 35. Be1 Rh8 36. Bg3 c5 37. d5 Rh3 38. Ba4 a6 39. Bc6 b5 40.
cxb5 axb5 41. Bxb5 Nxd5 42. Bf4+ Kf6 43. Bxd7 Nxe3+ 44. Bxe3 Rxe3 45. Be6 Rc3
46. Rf4 Rc2+ 47. Kg3 e3 48. Re4 c4 49. Rxe3 Rxa2 50. Kxg4 Rg2+ 51. Kf4 Rh2 52.
Ke4 Rh4+ 53. Kd5 Rh8 54. Kxc4 Rd8 55. Rd3 Rh8 56. Kd5 Rd8+ 57. Ke4 Rh8 58. Rg3
Rh4+ 59. Kd5 Rh6 60. Kd6 1-0

[Event "C.to Regionale Umbria"]
[Site "Foligno ITA"]
[Date "2008.06.07"]
[Round "4"]
[White "Mancin, Michele"]
[Black "Miconi, Francesco"]
[Result "0-1"]
[WhiteElo "1778"]
[BlackElo "1608"]
[PlyCount "90"]
[EventDate "2008.06.06"]

1. e4 Nf6 2. e5 Nd5 3. c4 Nb6 4. d4 d6 5. exd6 exd6 6. h3 Be7 7. Nf3 O-O 8. Bd3
Bf6 9. O-O Nc6 10. b3 Nb4 11. Bb2 Nxd3 12. Qxd3 g6 13. Nc3 Bf5 14. Qd2 Bg7 15.
Ne2 Qf6 16. Ng3 Bxh3 17. Qd3 Bg4 18. Nh2 Bd7 19. Rab1 Qd8 20. f4 a6 21. Rf2 f5
22. Nf3 Re8 23. Ng5 Re7 24. d5 Bxb2 25. Rbxb2 h6 26. Nf3 Qe8 27. Rbe2 Rxe2 28.
Rxe2 Qf7 29. Nd4 Re8 30. Kf2 Rxe2+ 31. Qxe2 c6 32. dxc6 bxc6 33. Qe3 Qe8 34.
Qc3 c5 35. Nf3 Qd8 36. Qa5 Bc8 37. Qd2 Bb7 38. Ne5 Qf6 39. Nd3 Qd4+ 40. Kf1 Be4
41. Ke2 Bxd3+ 42. Qxd3 Qxf4 43. Qc3 Qe5+ 44. Qxe5 dxe5 45. Ke3 f4+ 0-1

[Event "C.to Regionale Umbria"]
[Site "Foligno ITA"]
[Date "2008.06.07"]
[Round "4"]
[White "Marcugini, Stefano"]
[Black "Gasperoni, Claudio"]
[Result "1-0"]
[WhiteElo "1539"]
[BlackElo "1845"]
[PlyCount "55"]
[EventDate "2008.06.06"]

1. e4 e5 2. Nf3 Nc6 3. Bb5 a6 4. Ba4 Nf6 5. O-O Be7 6. Re1 b5 7. Bb3 O-O 8. c3
d6 9. h3 Na5 10. Bc2 c5 11. d4 Qc7 12. Bg5 Nc6 13. dxc5 dxc5 14. Nbd2 Rd8 15.
Qe2 h6 16. Bh4 Be6 17. Rad1 b4 18. Bb3 Bxb3 19. axb3 a5 20. Nc4 bxc3 21. bxc3
a4 22. bxa4 Rxd1 23. Qxd1 Rd8 24. Qc2 Ne8 25. Bxe7 Qxe7 26. Ra1 Nd6 27. Nfd2
Qd7 28. a5 1-0

[Event "C.to Regionale Umbria"]
[Site "Foligno ITA"]
[Date "2008.06.07"]
[Round "4"]
[White "Mariani, Francesca"]
[Black "Girgenti, Giuseppe"]
[Result "0-1"]
[WhiteElo "1266"]
[BlackElo "1763"]
[PlyCount "74"]
[EventDate "2008.06.06"]

1. e4 e5 2. Nf3 Nc6 3. Bc4 Bc5 4. c3 Nf6 5. d3 d6 6. h3 h6 7. Bb3 Ne7 8. Nbd2
a5 9. O-O O-O 10. Re1 Ng6 11. Nf1 b5 12. a3 Re8 13. Ng3 c6 14. Bc2 Qc7 15. Nh2
Bd7 16. Nh5 Nxh5 17. Qxh5 Be6 18. Bd1 Qa7 19. Be3 Bxe3 20. Rxe3 Nf4 21. Qh4 Qe7
22. Qg3 c5 23. Bg4 Bxg4 24. Nxg4 Qg5 25. h4 Qg6 26. Qf3 h5 27. Nh2 Re6 28. Kh1
Rf6 29. g4 Nxd3 30. Qg3 Nxf2+ 31. Kg2 Nxe4 32. Rxe4 Qxe4+ 33. Nf3 hxg4 34. Re1
gxf3+ 35. Kf2 Qc2+ 36. Kf1 e4 37. Ra1 Qxb2 0-1

[Event "C.to Regionale Umbria"]
[Site "Foligno ITA"]
[Date "2008.06.07"]
[Round "4"]
[White "Minelli, Francesco"]
[Black "Serafini, Gino"]
[Result "0-1"]
[WhiteElo "1563"]
[BlackElo "1853"]
[PlyCount "91"]
[EventDate "2008.06.06"]

1. e4 e6 2. Nf3 d5 3. Nc3 Nf6 4. e5 Nfd7 5. d4 Bb4 6. a3 Bxc3+ 7. bxc3 c5 8.
Be3 Qa5 9. Qd2 Nc6 10. g3 b6 11. Bd3 cxd4 12. cxd4 Qxd2+ 13. Bxd2 O-O 14. c3
Bb7 15. Kf1 Rac8 16. Kg2 a6 17. h4 h6 18. Bf4 f5 19. exf6 Rxf6 20. Rhe1 Rcf8
21. Ne5 Ndxe5 22. dxe5 R6f7 23. Bg6 Rc7 24. Kg1 Ne7 25. Bh5 Rxc3 26. Be3 Rc6
27. Rab1 Nc8 28. Rec1 Rxc1+ 29. Rxc1 Rf5 30. Bg4 Rxe5 31. Rc7 Nd6 32. Bf4 Re1+
33. Kg2 d4+ 34. f3 e5 35. Bxe5 Rxe5 36. Rd7 h5 37. Bh3 Bxf3+ 38. Kxf3 Re3+ 39.
Kf4 Nf7 40. Rxd4 Rxa3 41. Be6 Kf8 42. g4 hxg4 43. Kxg4 b5 44. Rf4 Ra4 45. Rxa4
bxa4 46. Bc4 0-1

[Event "C.to Regionale Umbria"]
[Site "Foligno ITA"]
[Date "2008.06.07"]
[Round "4"]
[White "Minni, Stefano"]
[Black "Bagnoli, Luca"]
[Result "1-0"]
[WhiteElo "1434"]
[BlackElo "1506"]
[PlyCount "65"]
[EventDate "2008.06.06"]

1. d4 Nf6 2. c4 c5 3. d5 e5 4. Nc3 d6 5. e4 Be7 6. Nf3 Nbd7 7. Be2 a6 8. a4 O-O
9. O-O g6 10. Bh6 Re8 11. Nd2 Kh8 12. Be3 Ng8 13. f4 f6 14. f5 gxf5 15. Rxf5
Nf8 16. Rf1 Ng6 17. Bg4 Bf8 18. Bxc8 Qxc8 19. Qf3 Bg7 20. Ne2 Rf8 21. Ng3 N8e7
22. Qh5 Qd7 23. Rf2 b5 24. a5 b4 25. Raf1 Ng8 26. Nf5 Rad8 27. Rf3 Rf7 28. Rh3
Bf8 29. Nf3 Nf4 30. Bxf4 exf4 31. N3h4 Rg7 32. Nxg7 Qxg7 33. Ng6+ 1-0

[Event "C.to Regionale Umbria"]
[Site "Foligno ITA"]
[Date "2008.06.07"]
[Round "4"]
[White "Ognibene, Piero"]
[Black "Piscitelli, Vito"]
[Result "1/2-1/2"]
[WhiteElo "1820"]
[BlackElo "1967"]
[PlyCount "49"]
[EventDate "2008.06.06"]

1. d4 Nf6 2. c4 e6 3. Nc3 Bb4 4. Qc2 O-O 5. Bg5 d5 6. e3 Nbd7 7. Nf3 h6 8. Bh4
b6 9. cxd5 exd5 10. Bd3 Bb7 11. O-O Be7 12. Rac1 Ne4 13. Bxe7 Qxe7 14. Qb3 Ndf6
15. Bxe4 dxe4 16. Ne5 c5 17. Ng6 Qd6 18. Nxf8 Ng4 19. g3 Rxf8 20. dxc5 Qg6 21.
h3 Ne5 22. Rcd1 Nf3+ 23. Kg2 Nh4+ 24. Kh2 Nf3+ 25. Kg2 1/2-1/2

[Event "C.to Regionale Umbria"]
[Site "Foligno ITA"]
[Date "2008.06.07"]
[Round "4"]
[White "Ragnini, Damiano"]
[Black "Capossela, Fabio"]
[Result "0-1"]
[WhiteElo "1847"]
[BlackElo "1620"]
[PlyCount "108"]
[EventDate "2008.06.06"]

1. d4 Nf6 2. c4 c5 3. d5 e6 4. dxe6 fxe6 5. Nc3 Nc6 6. Bg5 Be7 7. e3 O-O 8. Bd3
Qa5 9. Nge2 Ne5 10. O-O Bd6 11. Bxf6 Ng4 12. Bxg7 Bxh2+ 13. Kh1 Kxg7 14. Qc2
Rf6 15. g3 Rh6 16. Kg2 d6 17. Qd2 Bd7 18. f3 Bc6 19. e4 Ne5 20. Rh1 Rf8 21. Nf4
Nxf3 22. Nxe6+ Rxe6 23. Qe3 Rh6 24. Raf1 Nh4+ 25. gxh4 Rxf1 26. Rxf1 Be5 27. h5
Rxh5 28. Rh1 Rxh1 29. Qg5+ Kh8 30. Kxh1 Bxc3 31. bxc3 Qc7 32. Qf6+ Kg8 33. Qe6+
Qf7 34. Qg4+ Kf8 35. Qc8+ Be8 36. Qd8 Qf3+ 37. Kg1 Qxd3 38. Qf6+ Bf7 39. Qd8+
Kg7 40. Qg5+ Bg6 41. Qe7+ Kh6 42. Qh4+ Kg7 43. Qe7+ Kg8 44. Qe6+ Kf8 45. Qf6+
Ke8 46. Qe6+ Kd8 47. Qf6+ Kc7 48. Qe7+ Kb6 49. Qd8+ Ka6 50. Qd7 Qxc4 51. Qxd6+
b6 52. e5 Qxc3 53. Qc7 Qe1+ 54. Kh2 Qf2+ 0-1

[Event "C.to Regionale Umbria"]
[Site "Foligno ITA"]
[Date "2008.06.07"]
[Round "4"]
[White "Romano, Claudio"]
[Black "Coqueraut, Jean Dominique"]
[Result "0-1"]
[WhiteElo "1506"]
[BlackElo "1975"]
[PlyCount "74"]
[EventDate "2008.06.06"]

1. Nf3 d5 2. d4 Nf6 3. Bf4 e6 4. c3 c5 5. e3 Nc6 6. Bb5 Bd7 7. a4 a6 8. Bxc6
Bxc6 9. Ne5 Bd6 10. Nd2 O-O 11. dxc5 Bxc5 12. b4 Ba7 13. Bg5 h6 14. h4 hxg5 15.
hxg5 Bb8 16. gxf6 Qxf6 17. Qh5 Qh6 18. Nxc6 bxc6 19. Qxh6 gxh6 20. O-O-O Be5
21. Nf3 Bxc3 22. Rxh6 Bg7 23. Rh5 a5 24. Rg5 f6 25. Rg3 axb4 26. Nd4 Rfe8 27.
Kb2 c5 28. Rc1 c4 29. Ra1 f5 30. Kc2 Kf7 31. a5 Bxd4 32. exd4 Rh8 33. f4 Rh4
34. Rh3 Rxf4 35. Rah1 Rf2+ 36. Kd1 Rxg2 37. Rh7+ Rg7 0-1

[Event "C.to Regionale Umbria"]
[Site "Foligno ITA"]
[Date "2008.06.07"]
[Round "4"]
[White "Trasciatti, Mirko"]
[Black "Colabrese, Cary"]
[Result "1-0"]
[WhiteElo "1972"]
[BlackElo "1586"]
[PlyCount "87"]
[EventDate "2008.06.06"]

1. b3 Nf6 2. Bb2 e6 3. e3 Be7 4. Nf3 d6 5. Be2 Nbd7 6. O-O c5 7. c4 O-O 8. d4
Qc7 9. Nc3 a6 10. Qc2 b6 11. Rad1 Bb7 12. Rd2 Rac8 13. d5 e5 14. e4 Nh5 15.
Nxe5 dxe5 16. Bxh5 Bg5 17. Rdd1 Qd8 18. Bg4 Nf6 19. Bxc8 Qxc8 20. Bc1 Bxc1 21.
Rxc1 Ne8 22. f4 f6 23. fxe5 fxe5 24. Rxf8+ Kxf8 25. Rf1+ Kg8 26. Qf2 Nd6 27. a4
Qd8 28. a5 bxa5 29. Qxc5 Bc8 30. Qf2 Qe7 31. Re1 Bg4 32. Na4 Bh5 33. Nc5 Bg6
34. Ra1 h6 35. Rxa5 Qg5 36. Ra1 Nxe4 37. Nxe4 Bxe4 38. h3 Bd3 39. Rxa6 e4 40.
Re6 Qc1+ 41. Kh2 Qa1 42. Re8+ Kh7 43. Qf5+ g6 44. Re7+ 1-0

[Event "C.to Regionale Umbria"]
[Site "Foligno ITA"]
[Date "2008.06.07"]
[Round "4"]
[White "Verdi, Enea"]
[Black "Bertolini, Ettore"]
[Result "0-1"]
[WhiteElo "1404"]
[BlackElo "1880"]
[PlyCount "86"]
[EventDate "2008.06.06"]

1. e4 c5 2. Nf3 d6 3. d4 cxd4 4. Nxd4 Nf6 5. Nc3 a6 6. h3 e6 7. Bg5 Be7 8. a4
Qc7 9. Be2 Bd7 10. O-O Nc6 11. Nb3 O-O 12. Kh1 Ne5 13. f4 Nc4 14. Bxc4 Qxc4 15.
Qd4 Qxd4 16. Nxd4 h6 17. Bh4 Rad8 18. e5 dxe5 19. fxe5 Nd5 20. Bxe7 Nxe7 21.
Rad1 Bc6 22. Nxc6 Nxc6 23. Rfe1 Rxd1 24. Nxd1 Rd8 25. Nc3 Rd2 26. Re2 Rxe2 27.
Nxe2 Nxe5 28. Kg1 Kf8 29. Kf2 Ke7 30. b3 Kd6 31. Ke3 Nc6 32. Nc3 f5 33. Ne2 g5
34. g3 Ke5 35. c4 a5 36. Nc3 Nd4 37. Nb5 f4+ 38. gxf4+ gxf4+ 39. Kf2 Nxb3 40.
Kf3 Nc5 41. Kg4 Ne4 42. h4 h5+ 43. Kf3 Nd2+ 0-1

[Event "C.to Regionale Umbria"]
[Site "Foligno ITA"]
[Date "2008.06.07"]
[Round "4"]
[White "Yamauchi, Juan"]
[Black "Angeli, Francesco"]
[Result "1-0"]
[WhiteElo "1538"]
[BlackElo "1437"]
[PlyCount "126"]
[EventDate "2008.06.06"]

1. b4 e5 2. a3 d5 3. d3 Nf6 4. Nd2 g6 5. Bb2 Nbd7 6. Ngf3 Qe7 7. e4 b6 8. c4 d4
9. Be2 Bg7 10. Rc1 Rb8 11. Nb3 c5 12. b5 O-O 13. Rc2 Rd8 14. Bc1 h6 15. Bd2 Nf8
16. Qc1 Kh7 17. a4 Bg4 18. h3 Be6 19. Nxe5 Bd7 20. Nxd7 N8xd7 21. O-O Ne5 22.
f4 Ned7 23. Bf3 Nh5 24. Bxh5 gxh5 25. Qe1 h4 26. Qf2 Rg8 27. Qf3 Bh8 28. Be1
Rg6 29. Qh5 Rbg8 30. Bxh4 Qf8 31. Qf5 Qc8 32. Qxf7+ R8g7 33. Qf5 Kg8 34. Qd5+
Kh7 35. Qf5 Kg8 36. Rf3 Qf8 37. Qd5+ Qf7 38. Qxf7+ Rxf7 39. Rcf2 Bf6 40. Bxf6
Nxf6 41. Kh2 Nh5 42. f5 Rg5 43. g4 Nf6 44. e5 Nh7 45. e6 Rf8 46. Nd2 Nf6 47.
Ne4 Kg7 48. Nxg5 hxg5 49. Re2 Re8 50. Kg3 Re7 51. h4 Kh6 52. hxg5+ Kxg5 53. Rf4
Nh7 54. Rh2 Nf6 55. Re4 Nxe4+ 56. dxe4 Kf6 57. Kf4 Re8 58. e5+ Ke7 59. Rh7+ Kf8
60. Kg5 d3 61. Rd7 Re7 62. Rxd3 Rg7+ 63. Kf6 Rxg4 1-0

[Event "C.to Regionale Umbria"]
[Site "Foligno ITA"]
[Date "2008.06.08"]
[Round "5"]
[White "Bagnoli, Luca"]
[Black "Mariani, Francesca"]
[Result "1-0"]
[WhiteElo "1506"]
[BlackElo "1266"]
[PlyCount "113"]
[EventDate "2008.06.06"]

1. e4 c5 2. Nc3 Nc6 3. Bb5 g6 4. Bxc6 bxc6 5. d3 Nf6 6. Nge2 Bg7 7. Rb1 O-O 8.
O-O d6 9. Kh1 e5 10. Ng3 Be6 11. f4 exf4 12. Bxf4 Ng4 13. Qe1 Qh4 14. h3 Be5
15. Nge2 Qxe1 16. Rbxe1 Bxf4 17. Nxf4 Ne5 18. b3 Rad8 19. Re3 Bd7 20. Nfe2 f5
21. exf5 Bxf5 22. Ng3 Bc8 23. Rxf8+ Rxf8 24. Kg1 Nf7 25. Nce4 d5 26. Nxc5 a5
27. Re2 Nd6 28. c4 d4 29. Ne6 Bxe6 30. Rxe6 Rd8 31. c5 Nb5 32. Rxc6 Nc3 33. a4
Re8 34. Rd6 Re3 35. c6 Re1+ 36. Kf2 Rc1 37. Ne2 Rc2 38. c7 Nxe2 39. Rd8+ Kg7
40. c8=Q Rxc8 41. Rxc8 Nf4 42. Rd8 Nxd3+ 43. Kg3 Nc5 44. Rb8 d3 45. Kf2 Ne4+
46. Ke1 Kf6 47. Rb6+ Kf5 48. Rb5+ Kf4 49. Rxa5 Kg3 50. Rd5 d2+ 51. Rxd2 Nc5 52.
a5 Kf4 53. b4 Nb3 54. a6 Nxd2 55. Kxd2 Kg5 56. a7 Kh6 57. a8=Q 1-0

[Event "C.to Regionale Umbria"]
[Site "Foligno ITA"]
[Date "2008.06.08"]
[Round "5"]
[White "Balducci, Walter"]
[Black "Verdi, Enea"]
[Result "1-0"]
[WhiteElo "1706"]
[BlackElo "1404"]
[PlyCount "71"]
[EventDate "2008.06.06"]

1. e4 e5 2. f4 exf4 3. Nf3 g5 4. Bc4 g4 5. O-O gxf3 6. Qxf3 Bc5+ 7. Kh1 Qf6 8.
Qh5 Be7 9. d4 Qg6 10. Qf3 d6 11. Nc3 Qg4 12. Qd3 Nc6 13. Rxf4 Nb4 14. Bxf7+ Kd8
15. Qb5 c6 16. Qxb4 d5 17. Qb3 Qg7 18. Ne2 Bg5 19. Rf1 dxe4 20. Bxg5+ Qxg5 21.
d5 Nh6 22. dxc6 bxc6 23. Rad1+ Bd7 24. Be6 Ke8 25. Bxd7+ Ke7 26. Qe6+ Kd8 27.
Bxc6+ Kc7 28. Rd7+ Kb6 29. Bxa8+ Kc5 30. Rd5+ Kb4 31. Rxg5 Re8 32. Qxe8 Nf7 33.
Rxf7 h5 34. Qe7+ Kc4 35. Qe6+ Kb4 36. Qb3# 1-0

[Event "C.to Regionale Umbria"]
[Site "Foligno ITA"]
[Date "2008.06.08"]
[Round "5"]
[White "Bartolini, Ivan"]
[Black "Migliozzi, Giuseppe"]
[Result "0-1"]
[WhiteElo "1473"]
[BlackElo "1407"]
[PlyCount "66"]
[EventDate "2008.06.06"]

1. e4 d5 2. d4 dxe4 3. Nc3 Nf6 4. f3 exf3 5. Nxf3 Bg4 6. h3 Bxf3 7. Qxf3 c6 8.
Be3 e6 9. a3 Nbd7 10. O-O-O Be7 11. Bd3 O-O 12. g4 b5 13. Qxc6 b4 14. axb4 Bxb4
15. g5 Nh5 16. Qf3 g6 17. Ne4 Qa5 18. c3 Rac8 19. Kd2 Be7 20. Ra1 Qc7 21. Ra2
Nb6 22. Rha1 Ra8 23. Nf6+ Nxf6 24. gxf6 Bd8 25. Be4 Nc4+ 26. Kd3 Rc8 27. Rxa7
Nxb2+ 28. Kc2 Qxc3+ 29. Kb1 Bb6 30. R7a3 Qb4 31. Bc2 Bxd4 32. Bxd4 Qxd4 33.
R1a2 Nc4 0-1

[Event "C.to Regionale Umbria"]
[Site "Foligno ITA"]
[Date "2008.06.08"]
[Round "5"]
[White "Bassini, Massimo"]
[Black "Mancin, Michele"]
[Result "1-0"]
[WhiteElo "1503"]
[BlackElo "1778"]
[PlyCount "121"]
[EventDate "2008.06.06"]

1. d4 d5 2. Nf3 Nf6 3. c4 c6 4. Bf4 e6 5. Nc3 Bd6 6. e3 Bxf4 7. exf4 O-O 8. c5
Ne4 9. Qc2 f5 10. Bd3 Bd7 11. Ne5 Be8 12. f3 Nf6 13. Kd2 Nbd7 14. h4 Nxe5 15.
fxe5 Nh5 16. Ne2 g6 17. f4 Qa5+ 18. Qc3 Qxc3+ 19. Kxc3 Rf7 20. g3 b6 21. b4 b5
22. a4 Ng7 23. axb5 cxb5 24. Ra5 Rb7 25. Rha1 h6 26. Ra6 Kh7 27. R1a5 g5 28. c6
Rc7 29. Bxb5 gxh4 30. gxh4 Kg6 31. Ra1 Kh5 32. Rh1 Rac8 33. Kb3 Bxc6 34. Bxc6
Rxc6 35. Rxa7 R6c7 36. Rxc7 Rxc7 37. Ka4 Kg4 38. Rf1 Kxh4 39. Rh1+ Kg4 40. Rxh6
Kf3 41. Rh2 Ke3 42. Kb3 Nh5 43. Rxh5 Kxe2 44. Rh6 Rc6 45. Ka4 Kd3 46. b5 Rc4+
47. Ka5 Kxd4 48. Rxe6 Rc1 49. Rc6 Ra1+ 50. Kb6 Ra8 51. Kc7 Ke4 52. e6 d4 53. b6
Kd5 54. Rd6+ Kc5 55. b7 Ra7 56. e7 Rxb7+ 57. Kxb7 Kxd6 58. e8=Q Kd5 59. Qe5+
Kc4 60. Qxf5 d3 61. Qd7 1-0

[Event "C.to Regionale Umbria"]
[Site "Foligno ITA"]
[Date "2008.06.08"]
[Round "5"]
[White "Bertolini, Ettore"]
[Black "Almadori, Giovanni"]
[Result "1/2-1/2"]
[WhiteElo "1880"]
[BlackElo "1341"]
[PlyCount "48"]
[EventDate "2008.06.06"]

1. e4 e6 2. d4 d5 3. Nc3 Nf6 4. Bg5 dxe4 5. Nxe4 Nbd7 6. Nf3 Be7 7. Nxf6+ Nxf6
8. Bd3 b6 9. c3 Bb7 10. Qc2 g6 11. O-O-O Bxf3 12. gxf3 Qd5 13. Qa4+ c6 14. Bxf6
Bxf6 15. Be4 Qg5+ 16. Kb1 O-O 17. Bxc6 Rac8 18. d5 Qf5+ 19. Qe4 Rfd8 20. Qxf5
gxf5 21. h4 h5 22. c4 Kf8 23. Kc2 Ke7 24. b4 a6 1/2-1/2

[Event "C.to Regionale Umbria"]
[Site "Foligno ITA"]
[Date "2008.06.08"]
[Round "5"]
[White "Capossela, Fabio"]
[Black "Minelli, Francesco"]
[Result "1/2-1/2"]
[WhiteElo "1620"]
[BlackElo "1563"]
[PlyCount "129"]
[EventDate "2008.06.06"]

1. d4 Nf6 2. c4 g6 3. Nc3 d5 4. Nf3 Bg7 5. Bf4 c5 6. e3 O-O 7. Qa4 cxd4 8. exd4
dxc4 9. Bxc4 Nc6 10. d5 Na5 11. O-O a6 12. Be2 Nxd5 13. Nxd5 Qxd5 14. Rad1 Qf5
15. Bd3 Qh5 16. Rd2 Nc6 17. Rfd1 Qg4 18. h3 Qe6 19. Re1 Qd5 20. Qa3 Qa5 21.
Qxa5 Nxa5 22. Rxe7 Be6 23. b4 Nc6 24. Rxb7 Nxb4 25. Rxb4 Bc3 26. Rb6 Bxd2 27.
Nxd2 Rfd8 28. Bxa6 Bxa2 29. Ne4 h5 30. Bb7 Ra4 31. Nf6+ Kf8 32. Bc7 Rd1+ 33.
Kh2 Rd2 34. Bc6 Ra7 35. Be5 Ke7 36. Rb8 Ke6 37. Re8+ Re7 38. Rxe7+ Kxe7 39. Ne4
Rc2 40. Bb7 Ke6 41. Bg3 f5 42. Ng5+ Kf6 43. h4 f4 44. Bxf4 Rxf2 45. Ne4+ Kf5
46. Nxf2 Kxf4 47. g3+ Kf5 48. Bc6 Kf6 49. Kg2 Kf5 50. Kf3 g5 51. Bd7+ Kg6 52.
Be8+ Kh6 53. Ne4 gxh4 54. gxh4 Bb3 55. Nf6 Bc2 56. Nxh5 Bd1+ 57. Kg3 Bxh5 58.
Bxh5 Kxh5 59. Kh3 Kh6 60. Kg4 Kg6 61. h5+ Kh6 62. Kh4 Kh7 63. Kg5 Kg7 64. h6+
Kh7 65. Kh5 1/2-1/2

[Event "C.to Regionale Umbria"]
[Site "Foligno ITA"]
[Date "2008.06.08"]
[Round "5"]
[White "Castellano, Alfonso"]
[Black "Cardinali, Egidio"]
[Result "1-0"]
[WhiteElo "1899"]
[BlackElo "1892"]
[PlyCount "81"]
[EventDate "2008.06.06"]

1. c4 e5 2. Nc3 Nc6 3. g3 Nf6 4. Bg2 Be7 5. e4 d6 6. Nge2 Bg4 7. f3 Be6 8. Nd5
Qd7 9. d4 O-O 10. Nxf6+ Bxf6 11. d5 Nd4 12. dxe6 Qxe6 13. Nxd4 exd4 14. Qd3 c5
15. O-O Qd7 16. Bd2 a6 17. a4 Rab8 18. Rfb1 b5 19. axb5 axb5 20. b3 b4 21. f4
g6 22. Ra6 Bg7 23. Rba1 Rfe8 24. Ra7 Rb7 25. Rxb7 Qxb7 26. e5 Qe7 27. exd6 Qxd6
28. Ra7 Qb6 29. Ra8 Rxa8 30. Bxa8 Qa7 31. Bd5 Qa1+ 32. Kg2 Qd1 33. Bf3 Qa1 34.
Be4 Qd1 35. f5 Qh5 36. Qf3 Qxf3+ 37. Kxf3 Bf6 38. fxg6 hxg6 39. Bf4 Be7 40. Bd3
Kg7 41. Ke4 1-0

[Event "C.to Regionale Umbria"]
[Site "Foligno ITA"]
[Date "2008.06.08"]
[Round "5"]
[White "Cicioni, Luigi"]
[Black "Minni, Stefano"]
[Result "1-0"]
[WhiteElo "1646"]
[BlackElo "1434"]
[PlyCount "67"]
[EventDate "2008.06.06"]

1. e4 c6 2. d4 d5 3. e5 Bf5 4. Bd3 Bxd3 5. Qxd3 e6 6. f4 Ne7 7. Nf3 Nd7 8. O-O
c5 9. c4 cxd4 10. Nxd4 Nc5 11. Qe2 g6 12. Nc3 dxc4 13. Qxc4 Nf5 14. Nxf5 exf5
15. Be3 Ne6 16. Rad1 Qc8 17. Qb3 Be7 18. Nd5 Kf8 19. Nxe7 Kxe7 20. Rc1 Qb8 21.
Qb4+ Ke8 22. Rfd1 a5 23. Qb5+ Kf8 24. Rd7 Kg7 25. Rxb7 Qd8 26. Rd7 Rb8 27. Qd5
Qe8 28. Rc6 Kh6 29. g4 fxg4 30. f5+ Ng5 31. e6 Rxb2 32. f6 Rb1+ 33. Rc1 Rxc1+
34. Bxc1 1-0

[Event "C.to Regionale Umbria"]
[Site "Foligno ITA"]
[Date "2008.06.08"]
[Round "5"]
[White "Coqueraut, Jean Dominique"]
[Black "Buoncristiani, Luca"]
[Result "1/2-1/2"]
[WhiteElo "1975"]
[BlackElo "1464"]
[PlyCount "54"]
[EventDate "2008.06.06"]

1. d4 Nf6 2. c4 g6 3. Nc3 Bg7 4. e4 d6 5. Nf3 O-O 6. Be2 e5 7. d5 a5 8. a4 Na6
9. O-O Bd7 10. Ne1 Nc5 11. Be3 Ncxe4 12. Nxe4 Nxe4 13. f3 Nf6 14. c5 Nh5 15. g3
f5 16. f4 exf4 17. gxf4 Qe7 18. Ra3 Bxb2 19. Rb3 Bxa4 20. cxd6 cxd6 21. Qd3
Bxb3 22. Qxb3 Rfe8 23. Ng2 Bg7 24. Bxh5 gxh5 25. Rf3 h4 26. Bf2 Bf6 27. Rh3
Rac8 1/2-1/2

[Event "C.to Regionale Umbria"]
[Site "Foligno ITA"]
[Date "2008.06.08"]
[Round "5"]
[White "Cuppone, Damiano"]
[Black "Fratini, Mauro"]
[Result "1-0"]
[WhiteElo "1776"]
[BlackElo "1976"]
[PlyCount "53"]
[EventDate "2008.06.06"]

1. d4 Nf6 2. c4 g6 3. Nc3 d5 4. cxd5 Nxd5 5. e4 Nxc3 6. bxc3 Bg7 7. Bc4 c5 8.
Ne2 Nc6 9. Be3 O-O 10. O-O Na5 11. Bd3 c4 12. Bc2 e6 13. Rb1 b6 14. Qd2 Bd7 15.
e5 Nc6 16. Ng3 f5 17. exf6 Bxf6 18. Ne4 Bc8 19. Nxf6+ Qxf6 20. Bg5 Qf7 21. Rbe1
Bd7 22. h4 h5 23. Re3 Ne7 24. Bxe7 Qxe7 25. Bxg6 Qxh4 26. Rg3 Qf4 27. Be4+ 1-0

[Event "C.to Regionale Umbria"]
[Site "Foligno ITA"]
[Date "2008.06.08"]
[Round "5"]
[White "Gasperoni, Claudio"]
[Black "Cuppone, Fiorentino"]
[Result "1-0"]
[WhiteElo "1845"]
[BlackElo "1661"]
[PlyCount "49"]
[EventDate "2008.06.06"]

1. d4 Nf6 2. Nf3 c5 3. d5 d6 4. Nc3 g6 5. e4 Bg7 6. Bb5+ Nfd7 7. a4 O-O 8. Be3
a6 9. Bd3 Qc7 10. Nd2 Ne5 11. h3 Nxd3+ 12. cxd3 f5 13. f4 Nd7 14. O-O Rb8 15.
a5 b5 16. axb6 Rxb6 17. Nc4 Rb4 18. Ra4 Qb8 19. exf5 Rxf5 20. Na5 Bb7 21. Nc6
Bxc6 22. dxc6 Nb6 23. Rxb4 cxb4 24. Qb3+ d5 25. Qxb4 1-0

[Event "C.to Regionale Umbria"]
[Site "Foligno ITA"]
[Date "2008.06.08"]
[Round "5"]
[White "Girgenti, Giuseppe"]
[Black "Seravelli, Paolo"]
[Result "0-1"]
[WhiteElo "1763"]
[BlackElo "1467"]
[PlyCount "60"]
[EventDate "2008.06.06"]

1. d4 d5 2. c4 e6 3. Nf3 Nf6 4. Nc3 Bb4 5. e3 c6 6. Bd2 O-O 7. a3 Bd6 8. Rc1 c5
9. dxc5 Bxc5 10. b4 d4 11. exd4 Bxd4 12. Nxd4 Qxd4 13. Be3 Qe5 14. Be2 Qc7 15.
O-O b6 16. Qb3 Bb7 17. Rfd1 Nc6 18. Bg5 Qe5 19. Bxf6 Qxf6 20. Rd7 Nd4 21. Qd1
Nxe2+ 22. Qxe2 Bxg2 23. Qg4 Bf3 24. Qg3 h5 25. h4 Rfd8 26. Rxd8+ Rxd8 27. Qg5
Qd4 28. Nb5 Qd3 29. c5 f6 30. Qg3 30... bxc5 {...} 0-1

[Event "C.to Regionale Umbria"]
[Site "Foligno ITA"]
[Date "2008.06.08"]
[Round "5"]
[White "Lantini, Marco"]
[Black "Maddaloni, Giovanni"]
[Result "1-0"]
[WhiteElo "2244"]
[BlackElo "1809"]
[PlyCount "51"]
[EventDate "2008.06.06"]

1. d4 Nf6 2. c4 g6 3. Nc3 d5 4. cxd5 Nxd5 5. Bd2 Nb6 6. Bg5 Bg7 7. e3 O-O 8.
Nf3 Qd7 9. Be2 Na6 10. O-O c6 11. Bxa6 bxa6 12. Ne4 f6 13. Bf4 Qd5 14. Nc3 Qh5
15. Qb3+ Kh8 16. Rac1 Bg4 17. Nd2 e5 18. dxe5 fxe5 19. Bg3 Rfe8 20. Nce4 Be6
21. Qa3 Bd5 22. Nd6 Bf8 23. e4 Rad8 24. exd5 Rxd6 25. Qf3 Nxd5 26. Qxh5 1-0

[Event "C.to Regionale Umbria"]
[Site "Foligno ITA"]
[Date "2008.06.08"]
[Round "5"]
[White "Miconi, Francesco"]
[Black "Trasciatti, Mirko"]
[Result "1/2-1/2"]
[WhiteElo "1608"]
[BlackElo "1972"]
[PlyCount "84"]
[EventDate "2008.06.06"]

1. e4 e6 2. d3 d5 3. Nd2 dxe4 4. dxe4 Nc6 5. Ngf3 Bc5 6. Bb5 Bd7 7. O-O Nge7 8.
c3 O-O 9. Qe2 a6 10. Ba4 b5 11. Bc2 e5 12. Nb3 Bb6 13. Be3 Nc8 14. Rfd1 Qe7 15.
Nbd2 Bxe3 16. Qxe3 Nb6 17. b3 Rfd8 18. Nf1 Bg4 19. h3 Bxf3 20. Qxf3 b4 21. Ng3
Qc5 22. Ne2 bxc3 23. Qxc3 Qxc3 24. Nxc3 Rxd1+ 25. Rxd1 Nd4 26. Bd3 c6 27. Kf1
a5 28. Ne2 c5 29. Nxd4 cxd4 30. Rc1 Rc8 31. Rxc8+ Nxc8 32. a3 Kf8 33. Ke2 Ke7
34. Kd2 Kd6 35. g3 Nb6 36. Kc2 Nd7 37. b4 axb4 38. axb4 Nb6 39. Kb3 g6 40. g4
g5 41. f3 Kc6 42. Be2 f6 1/2-1/2

[Event "C.to Regionale Umbria"]
[Site "Foligno ITA"]
[Date "2008.06.08"]
[Round "5"]
[White "Militello, Michele"]
[Black "Colabrese, Cary"]
[Result "1-0"]
[WhiteElo "1893"]
[BlackElo "1586"]
[PlyCount "53"]
[EventDate "2008.06.06"]

1. d4 Nf6 2. Nf3 e6 3. c4 Bb4+ 4. Bd2 Qe7 5. Qc2 Bxd2+ 6. Nbxd2 d6 7. e3 O-O 8.
g3 a5 9. Bg2 Na6 10. a3 c5 11. O-O Bd7 12. Rfe1 Rab8 13. Ne4 Ne8 14. dxc5 f5
15. cxd6 Qd8 16. Nc3 Nc5 17. b3 Qf6 18. e4 fxe4 19. Nxe4 Nxe4 20. Qxe4 Nxd6 21.
Qe5 Qe7 22. Qxa5 Rf5 23. Re5 Rbf8 24. Rxf5 Rxf5 25. Qb4 b6 26. Rd1 Rc5 27. Qd2
1-0